Powerlogy zdravá výživa a zdravé potraviny

Vznik a charakteristika spoločnosti Powerlogy. Produktové portfólio a silné stránky spoločnosti. Spôsob predaju produktov. Zisky a tržby spoločnosti.

Uložené v:
Podrobná bibliografia
Hlavný autor: Procházková, Katarína, 1983-
Médium: Kapitola
Jazyk:Slovak
Predmet:
Tagy: Pridať tag
Žiadne tagy, Buďte prvý, kto otaguje tento záznam!

MARC

LEADER 00000naa$a2200000$$$4500
001 0271231
005 20240502074249.2
041 0 |a slo 
044 |a SK 
245 1 0 |a Powerlogy  |b zdravá výživa a zdravé potraviny  |c Katarína Procházková 
520 |a Vznik a charakteristika spoločnosti Powerlogy. Produktové portfólio a silné stránky spoločnosti. Spôsob predaju produktov. Zisky a tržby spoločnosti. 
610 2 0 |a štýl životný 
610 2 0 |a výživa 
610 2 0 |a potraviny 
610 2 0 |a obchod elektronický 
610 2 0 |a start-up 
100 1 |a Procházková, Katarína, 1983-